Central Library OPAC University of Rajshahi

Satellite communications / (Record no. 38779)

MARC details
000 -LEADER
fixed length control field 00683nam a2200241 a 4500
001 - CONTROL NUMBER
control field 38779
003 - CONTROL NUMBER IDENTIFIER
rucl marc code (BD-RjUL)
005 - DATE AND TIME OF LATEST TRANSACTION
control field 20211209052847.0
008 - FIXED-LENGTH DATA ELEMENTS--GENERAL INFORMATION
fixed length control field 921109s1984 nyua b 001 0 eng d
020 ## - INTERNATIONAL STANDARD BOOK NUMBER
International Standard Book Number 8174090711
035 ## - SYSTEM CONTROL NUMBER
System control number (BD-RjUL)
082 ## - DEWEY DECIMAL CLASSIFICATION NUMBER
Edition number 21
Classification number 621.380422
Author mark and year AGS 2000
100 1# - MAIN ENTRY--PERSONAL NAME
Personal name Agarwal, D.C.
9 (RLIN) 119628
245 10 - TITLE STATEMENT
Title Satellite communications /
Statement of responsibility, etc. D. C. Agarwal & A. K. Maini
250 ## - EDITION STATEMENT
Edition statement 4th ed.
260 ## - PUBLICATION, DISTRIBUTION, ETC. (IMPRINT)
Place of publication, distribution, etc. Delhi :
Name of publisher, distributor, etc. Khanna Pub.,
Date of publication, distribution, etc. c2000
300 ## - PHYSICAL DESCRIPTION
Pagination xvi, 576 p. :
Illustrations ill. ;
Size 23 cm
500 ## - GENERAL NOTE
General note Includes Index.
650 #0 - SUBJECT ADDED ENTRY--TOPICAL TERM
Topical term or geographic name as entry element Artificial satellites in telecommunication
9 (RLIN) 117364
700 ## - ADDED ENTRY--PERSONAL NAME
Personal name Maini, A. K.
942 ## - ADDED ENTRY ELEMENTS (KOHA)
Source of classification or shelving scheme Dewey Decimal Classification
Koha item type Books
Holdings
Lost status Source of classification or shelving scheme Damaged status Not for loan Permanent Location Current Location Shelving location Date acquired Total Checkouts Full call number Date last seen Copy number Koha item type
  Dewey Decimal Classification   Not For Loan Department of Information and Communication Engineering (ICE) Library Department of Information and Communication Engineering (ICE) Library Seminar Library 25/02/2016   621.380422 AGS 2000 25/02/2016 C-1 Books
  Dewey Decimal Classification   Not For Loan Department of Information and Communication Engineering (ICE) Library Department of Information and Communication Engineering (ICE) Library Seminar Library 30/03/2016   621.380422 AGS 2000 30/03/2016 C-2 Books